Harry Potter and the Philosopher's Stone Chapter 1 - Statistics

General Stats
  • This quiz has been taken 434 times
  • The average score is 7 of 10
Answer Stats
Question Answer % Correct
Who was flying a motorbike to deliver him? Rubeus Hagrid
91%
What was the cat reading first as Vernon went to his car? A map
88%
Who was NOT delivering Harry to the Dursley's? Ponoma Sprout
86%
What was the name of the Firm that sold Drills, whom Vernon Dursley works for? Grunnings
85%
What type of beard does Vernon Dursley have? Mousetache
82%
What does Vernon say about Dudley as he leaves the house, when Dudley is having a tantrum during breakfast? Little Tyke
69%
What new word had Dudley learnt that day? Shan't
62%
What colour cloak was the man that Vernon walked into at the door of his workplace wearing? Violet
54%
Which floor is Vernon's office at his workplace on? Nine
31%
What name did Vernon guess Harry's name was? Howard
25%
No matching quizzes found
Score Distribution
Percent of People with Each Score
Percentile by Number Answered
Your Score History
You have not taken this quiz